[Event "Berlin Unicorn op"]
[Site "Berlin"]
[Date "2008.05.04"]
[Round "7"]
[White "Badestein, Hartmut"]
[Black "Fuchs, Raimond"]
[Result "1-0"]
[WhiteElo "2196"]
[BlackElo "1925"]
[PlyCount "77"]
[EventDate "2008.04.30"]
[EventType "swiss"]
[EventRounds "7"]
[EventCountry "GER"]
[SourceTitle "CBM 124 Extra"]
[Source "ChessBase"]
[SourceDate "2008.07.03"]
[SourceVersion "1"]
[SourceVersionDate "2008.07.03"]
[SourceQuality "1"]

1. e4 c5 2. Nf3 e6 3. b3 b6 4. Bb2 Bb7 5. Nc3 Nc6 6. Bc4 a6 7. a4 Qc7 8. 0-0 Nf6 9. Re1 Bd6 10. h3 Ne5 11. Nxe5 Bxe5 12. Qf3 0-0 13. Nd1 Bxb2 14. Nxb2 d5 15. exd5 Nxd5 16. Bxd5 exd5 17. Nd3 Rfe8 18. Nf4 Qd7 19. Nh5 f6 20. Qg3 Qf7 21. Nf4 Re5 22. Nd3 Rxe1+ 23. Rxe1 Re8 24. Rxe8+ Qxe8 25. Qc7 Qc6 26. Qxc6 Bxc6 27. a5 c4 28. Nb4 Bb7 29. axb6 a5 30. Na2 cxb3 31. cxb3 Kf7 32. Nc3 Ke6 33. Nb5 Kd7 34. Nc3 Kc6 35. Na4 Kb5 36. d4 Bc6 37. Kf1 Kb4 38. Nc5 Kb5 39. b7 1-0

[Event "Berlin Unicorn op"]
[Site "Berlin"]
[Date "2008.05.03"]
[Round "5"]
[White "Pueschel, Werner"]
[Black "Fuchs, Raimond"]
[Result "1-0"]
[WhiteElo "2183"]
[BlackElo "1925"]
[PlyCount "63"]
[EventDate "2008.04.30"]
[EventType "swiss"]
[EventRounds "7"]
[EventCountry "GER"]
[SourceTitle "CBM 124 Extra"]
[Source "ChessBase"]
[SourceDate "2008.07.03"]
[SourceVersion "1"]
[SourceVersionDate "2008.07.03"]
[SourceQuality "1"]

1. c3 d5 2. d3 Nf6 3. g3 b6 4. Bg2 Bb7 5. Nf3 e6 6. 0-0 Bd6 7. Nbd2 c5 8. Qc2 Qc7 9. e4 Nc6 10. exd5 exd5 11. Re1+ Ne7 12. Nf1 0-0 13. Bg5 Nh5 14. Bxe7 Bxe7 15. Re5 g6 16. Rae1 Bf6 17. R5e2 Ng7 18. Ne3 Ne6 19. Ng4 Bg7 20. Qd2 h5 21. Nh6+ Kh7 22. Nxf7 Qxf7 23. Rxe6 Bh6 24. Qe2 Qg7 25. Nh4 Rf6 26. Re7 Rf7 27. Rxb7 Rxb7 28. Bxd5 Rf8 29. Bxb7 Qxb7 30. Qe7+ Rf7 31. Qd6 Rg7 32. Nxg6 1-0

[Event "Berlin-ch U18 final"]
[Site "Berlin"]
[Date "2008.01.10"]
[Round "5.4"]
[White "Fuchs, Raimond"]
[Black "Huth, Kevin"]
[Result "0-1"]
[WhiteElo "1930"]
[BlackElo "2014"]
[PlyCount "106"]
[EventDate "2008.01.06"]
[EventType "swiss"]
[EventRounds "7"]
[EventCountry "GER"]
[SourceTitle "EXT 2022"]
[Source "ChessBase"]
[SourceDate "2021.10.06"]
[SourceVersion "1"]
[SourceVersionDate "2021.10.06"]
[SourceQuality "1"]

1. e4 e6 2. d4 d5 3. Nc3 Bb4 4. e5 c5 5. a3 Bxc3+ 6. bxc3 Ne7 7. Qg4 0-0 8. Bd3 Nbc6 9. Qh5 Ng6 10. Nf3 Qc7 11. Be3 c4 12. Bxg6 fxg6 13. Qg4 Qf7 14. h4 Qf5 15. Qxf5 gxf5 16. g3 Bd7 17. Ke2 b5 18. Rhb1 Rfb8 19. Bd2 Rb6 20. Rb2 Rab8 21. Rab1 Ne7 22. Nh2 Ra6 23. Ra2 Ra4 24. f4 Nc6 25. Nf3 Rb6 26. Rba1 Rba6 27. Ke3 h6 28. Ke2 Be8 29. Ke3 Bh5 30. Ne1 Kf8 31. Ng2 Be8 32. Ne1 Ke7 33. Ng2 Kd8 34. Ne1 Kc7 35. Ng2 Bh5 36. Ne1 Bg4 37. Ng2 Bh3 38. Ne1 Kc8 39. Nf3 Bg2 40. Kf2 Bxf3 41. Kxf3 b4 42. cxb4 Nxd4+ 43. Kf2 Nb5 44. Kf3 Rxa3+ 45. Rxa3 Rxa3+ 46. Rxa3 Nxa3 47. c3 h5 48. Bc1 Nb5 49. Bb2 Kc7 50. Ke3 Kc6 51. Ba1 Nc7 52. Kd4 Kb5 53. Ke3 Na6 0-1

[Event "Berlin Herbst op"]
[Site "Berlin"]
[Date "2007.10.17"]
[Round "4"]
[White "Fuchs, Raimond"]
[Black "Figura, Atila Gajo"]
[Result "0-1"]
[WhiteElo "1930"]
[BlackElo "2413"]
[PlyCount "86"]
[EventDate "2007.10.14"]
[EventType "swiss"]
[EventRounds "9"]
[EventCountry "GER"]
[SourceTitle "EXT 2008"]
[Source "ChessBase"]
[SourceDate "2007.11.25"]
[SourceVersion "1"]
[SourceVersionDate "2007.11.25"]
[SourceQuality "1"]

1. e4 c5 2. Nf3 e6 3. d4 cxd4 4. Nxd4 a6 5. Bd3 Nf6 6. 0-0 Qc7 7. Qe2 Bc5 8. Nb3 Ba7 9. Nc3 Nc6 10. Be3 d6 11. Bxa7 Rxa7 12. a4 b6 13. Rfd1 0-0 14. Qe3 e5 15. Be2 Be6 16. Rac1 Qb8 17. Nd5 Bxd5 18. exd5 Ne7 19. c4 a5 20. Bd3 Ng6 21. Nd2 Nd7 22. b3 f5 23. f3 Qd8 24. g4 fxg4 25. Bxg6 hxg6 26. fxg4 Rf4 27. h3 Qg5 28. Qg3 e4 29. Rc3 Nc5 30. Re3 Qe5 31. Rde1 Raf7 32. R1e2 g5 33. Qg2 Qd4 34. Kh1 Nd3 35. Nxe4 Rf1+ 36. Kh2 Ne5 37. Nd2 Qf4+ 38. Rg3 Rd1 39. Ne4 Rd3 40. Kh1 Rd1+ 41. Kh2 Rd3 42. Kh1 Qc1+ 43. Kh2 Rxg3 0-1

[Event "Berlin Herbst op"]
[Site "Berlin"]
[Date "2007.10.16"]
[Round "3"]
[White "Albrecht, Rainer"]
[Black "Fuchs, Raimond"]
[Result "0-1"]
[WhiteElo "2179"]
[BlackElo "1930"]
[PlyCount "68"]
[EventDate "2007.10.14"]
[EventType "swiss"]
[EventRounds "9"]
[EventCountry "GER"]
[SourceTitle "EXT 2008"]
[Source "ChessBase"]
[SourceDate "2007.11.25"]
[SourceVersion "1"]
[SourceVersionDate "2007.11.25"]
[SourceQuality "1"]

1. d4 d5 2. c4 e6 3. Nc3 c5 4. cxd5 exd5 5. Nf3 Nc6 6. Bg5 f6 7. Bf4 g5 8. Bg3 g4 9. Nd2 cxd4 10. Nb5 Kf7 11. Qa4 Be6 12. Nc7 Rc8 13. Nxe6 Kxe6 14. e3 Bb4 15. 0-0-0 Bxd2+ 16. Rxd2 dxe3 17. fxe3 f5 18. Kb1 Qa5 19. Qxa5 Nxa5 20. Bd3 Nc4 21. Rf2 Ne7 22. Bh4 Nxe3 23. Re1 d4 24. Bg5 Rc5 25. Bxe3 dxe3 26. Rxe3+ Re5 27. Bc4+ Nd5 28. Rxe5+ Kxe5 29. Bxd5 Kxd5 30. Rxf5+ Ke4 31. Rf7 Ke3 32. Rg7 h5 33. h3 Kf2 34. hxg4 h4 0-1

[Event "Berlin Lichtenrade op 03rd"]
[Site "Berlin"]
[Date "2007.04.10"]
[Round "4"]
[White "Mielke, Sven"]
[Black "Fuchs, Raimond"]
[Result "1-0"]
[WhiteElo "2090"]
[BlackElo "1935"]
[PlyCount "45"]
[EventDate "2007.04.07"]
[EventType "swiss"]
[EventRounds "9"]
[EventCountry "GER"]
[SourceTitle "EXT 2008"]
[Source "ChessBase"]
[SourceDate "2007.11.25"]
[SourceVersion "1"]
[SourceVersionDate "2007.11.25"]
[SourceQuality "1"]

1. e4 c5 2. Nf3 e6 3. d4 cxd4 4. Nxd4 a6 5. Bd3 Nf6 6. Qe2 d6 7. 0-0 Qc7 8. c4 Nbd7 9. Be3 b6 10. Nc3 Bb7 11. Rfd1 Nc5 12. h3 Ncxe4 13. Bxe4 Nxe4 14. Nxe4 Bxe4 15. Bg5 Bc6 16. Nxe6 fxe6 17. Qxe6+ Be7 18. Re1 Ra7 19. Bxe7 Qd7 20. Qe3 Kf7 21. Qf4+ Kg6 22. Rad1 d5 23. cxd5 1-0

[Event "Berlin op 09"]
[Site "Berlin"]
[Date "2006.10.06"]
[Round "7"]
[White "Maahs, Erich"]
[Black "Fuchs, Raimond"]
[Result "1-0"]
[WhiteElo "2183"]
[BlackElo "1943"]
[PlyCount "47"]
[EventDate "2006.09.30"]
[EventType "swiss"]
[EventRounds "9"]
[EventCountry "GER"]
[SourceTitle "EXT 2007"]
[Source "ChessBase"]
[SourceDate "2006.11.23"]
[SourceVersion "1"]
[SourceVersionDate "2006.11.23"]
[SourceQuality "1"]

1. e4 c5 2. Nf3 e6 3. Nc3 a6 4. d4 cxd4 5. Nxd4 Qc7 6. Bd3 Nf6 7. 0-0 d6 8. Kh1 Nbd7 9. f4 b5 10. Qf3 Bb7 11. Bd2 Be7 12. a3 0-0 13. Rae1 Rfe8 14. Qg3 Nh5 15. Qh3 g6 16. f5 e5 17. fxg6 hxg6 18. Nf5 Ndf6 19. Nxe7+ Qxe7 20. Bg5 Qe6 21. Qh4 Nh7 22. Bh6 Kh8 23. Re3 Nf4 24. Bxf4 1-0

[Event "Berlin op 05"]
[Site "Berlin"]
[Date "2006.05.28"]
[Round "7"]
[White "Dvorsky, Karl"]
[Black "Fuchs, Raimond"]
[Result "0-1"]
[WhiteElo "1553"]
[BlackElo "1703"]
[PlyCount "56"]
[EventDate "2006.05.24"]
[EventType "swiss"]
[EventRounds "7"]
[EventCountry "GER"]
[SourceTitle "EXT 2007"]
[Source "ChessBase"]
[SourceDate "2006.11.23"]
[SourceVersion "1"]
[SourceVersionDate "2006.11.23"]
[SourceQuality "1"]

1. Nf3 d5 2. c4 c6 3. d4 Nf6 4. Nc3 e6 5. e3 Nbd7 6. a3 a5 7. Be2 Bd6 8. Rb1 Qe7 9. c5 Bc7 10. b4 axb4 11. axb4 e5 12. 0-0 0-0 13. b5 Ne4 14. Nxe4 dxe4 15. Nd2 f5 16. Nb3 cxb5 17. Bxb5 Nf6 18. d5 Qf7 19. d6 Bd8 20. Bb2 Bd7 21. Bxd7 Nxd7 22. Bc3 Qc4 23. Qc1 Rc8 24. Ba5 Qxc1 25. Rfxc1 Bxa5 26. Nxa5 Nxc5 27. Nxb7 Nxb7 28. Rxc8 Rxc8 0-1

[Event "Berlin op 05"]
[Site "Berlin"]
[Date "2006.05.27"]
[Round "6"]
[White "Fuchs, Raimond"]
[Black "Stoehr, Constantin"]
[Result "1/2-1/2"]
[WhiteElo "1703"]
[BlackElo "1534"]
[PlyCount "114"]
[EventDate "2006.05.24"]
[EventType "swiss"]
[EventRounds "7"]
[EventCountry "GER"]
[SourceTitle "EXT 2007"]
[Source "ChessBase"]
[SourceDate "2006.11.23"]
[SourceVersion "1"]
[SourceVersionDate "2006.11.23"]
[SourceQuality "1"]

1. e4 e5 2. Nf3 Nc6 3. Bb5 a6 4. Ba4 Bc5 5. 0-0 d6 6. c3 Nf6 7. d4 exd4 8. cxd4 Ba7 9. Bxc6+ bxc6 10. Qc2 Bd7 11. Bg5 h6 12. Bd2 0-0 13. h3 Qc8 14. e5 dxe5 15. dxe5 Nd5 16. Nc3 Bxh3 17. gxh3 Qxh3 18. Nh2 Qg3+ 19. Kh1 Bxf2 20. Ne4 Qxe5 21. Rxf2 Rfe8 22. Re1 Qd4 23. Rfe2 Re6 24. Nf3 Qb6 25. Nc3 Rae8 26. Rxe6 Rxe6 27. Rxe6 fxe6 28. Nxd5 cxd5 29. Bxh6 e5 30. Bd2 e4 31. Nh2 Qf2 32. Qc1 d4 33. Qe1 Qf5 34. Kg1 e3 35. Bc1 Qg5+ 36. Kf1 Qf4+ 37. Kg2 Qg5+ 38. Qg3 Qd5+ 39. Nf3 Qxa2 40. Qxc7 Qd5 41. Qc8+ Kh7 42. Qxa6 Qe4 43. Qe6 Qc2+ 44. Kh3 Qc5 45. Kg4 g6 46. Ng5+ Kh6 47. Qd7 Qxg5+ 48. Kf3 Qh5+ 49. Kg3 Qe5+ 50. Kf3 Qh5+ 51. Kf4 Qh2+ 52. Kg4 Qg1+ 53. Kf4 Qf2+ 54. Ke5 Qf1 55. Qxd4 Qxc1 56. Qh4+ Kg7 57. Qe7+ Kh6 1/2-1/2

[Event "Berlin op 05"]
[Site "Berlin"]
[Date "2006.05.25"]
[Round "3"]
[White "Badestein, Hartmut"]
[Black "Fuchs, Raimond"]
[Result "1-0"]
[WhiteElo "2057"]
[BlackElo "1703"]
[PlyCount "83"]
[EventDate "2006.05.24"]
[EventType "swiss"]
[EventRounds "7"]
[EventCountry "GER"]
[SourceTitle "EXT 2007"]
[Source "ChessBase"]
[SourceDate "2006.11.23"]
[SourceVersion "1"]
[SourceVersionDate "2006.11.23"]
[SourceQuality "1"]

1. e4 c5 2. Nf3 e6 3. Qe2 a6 4. g3 Qc7 5. Bg2 b6 6. 0-0 Bb7 7. d3 d6 8. Nbd2 Nc6 9. c3 Nf6 10. Nh4 Be7 11. f4 Nd7 12. Nhf3 b5 13. Re1 Nb6 14. Nf1 0-0-0 15. Be3 Rhe8 16. Qf2 Kb8 17. Rec1 Na7 18. b4 Na4 19. Rab1 Nc8 20. c4 bxc4 21. Qc2 Ncb6 22. dxc4 Ka8 23. N1d2 Rb8 24. Rb3 Bc6 25. b5 axb5 26. cxb5 Bd7 27. Nc4 Nxc4 28. Qxc4 Nb6 29. Qc2 Kb7 30. a4 Nxa4 31. Ra1 Ra8 32. Nd2 g6 33. Nc4 Nb6 34. Ra6 Nxc4 35. Qxc4 Reb8 36. e5+ d5 37. Bxd5+ exd5 38. Qxd5+ Bc6 39. Rxc6 Ra1+ 40. Kg2 Ra2+ 41. Kf3 Qa5 42. Ra6+ 1-0

[Event "Berlin op 04"]
[Site "Berlin"]
[Date "2006.04.22"]
[Round "8"]
[White "Matzkowiak, Roman"]
[Black "Fuchs, Raimond"]
[Result "1/2-1/2"]
[WhiteElo "1888"]
[BlackElo "1717"]
[PlyCount "124"]
[EventDate "2006.04.14"]
[EventType "swiss"]
[EventRounds "9"]
[EventCountry "GER"]
[SourceTitle "EXT 2007"]
[Source "ChessBase"]
[SourceDate "2006.11.23"]
[SourceVersion "1"]
[SourceVersionDate "2006.11.23"]
[SourceQuality "1"]

1. c4 e5 2. Nc3 Nc6 3. g3 g6 4. Bg2 Bg7 5. d3 d6 6. e3 f5 7. Nh3 h6 8. Rb1 Nf6 9. b4 Rb8 10. 0-0 Be6 11. Qa4 Qd7 12. f4 a6 13. b5 axb5 14. Rxb5 0-0 15. Rxb7 Rxb7 16. Bxc6 Qc8 17. Bxb7 Qxb7 18. Qb5 Qa7 19. Qb2 Ng4 20. Qe2 e4 21. Nd5 Bxd5 22. cxd5 exd3 23. Qxd3 Qxa2 24. Nf2 Nxf2 25. Rxf2 Qa7 26. Rc2 Rb8 27. Kg2 Rb4 28. g4 Re4 29. Kf3 Qb8 30. Rc6 fxg4+ 31. Kxg4 Qc8+ 32. Kg3 Qf5 33. Rc2 Rxf4 34. Qxf5 Rxf5 35. e4 Be5+ 36. Kg2 Rh5 37. h3 Rh4 38. Rc4 Kf7 39. Be3 Ke7 40. Bf2 Rh5 41. Rxc7+ Kd8 42. Rh7 Bf6 43. Bg3 Be5 44. Bxe5 dxe5 45. Kg3 Rg5+ 46. Kf3 Rh5 47. Kg3 Rg5+ 48. Kh2 Rh5 49. d6 Rh4 50. Kg3 g5 51. Kf3 Rxh3+ 52. Kg4 Rd3 53. Rxh6 Kd7 54. Kxg5 Rxd6 55. Rxd6+ Kxd6 56. Kf5 Kd7 57. Kxe5 Ke7 58. Kd5 Kd7 59. e5 Ke7 60. e6 Ke8 61. Kd6 Kd8 62. e7+ Ke8 1/2-1/2